000 00758 a2200205 4500
001 41702
005 20260407155709.0
008 260407a1978 arg spa d
003 AR-UNSa-BCEJYS
040 _aAR-UNSa-BCEJYS
_bspa
_cAR-UNSa-BCEJYS
080 _a347.518
_xResponsabilidad por daños causados por bienes muebles. Por vehículos
245 1 0 _aEfectos jurídicos de los accidentes de tránsito
264 1 _aBuenos Aires :
_bEdiciones Jurídicas Ariel
_c1978
300 _axxii, 435 p.
_c23 cm.
505 _a1. Normas de ciculación - 2. Elementos de la circulación - 3. Accidentes de la circulación - 4. Seguro de automotores
041 _aspa
942 _cBK
590 _aniveau_biblio:m niveau_hierar:0
100 1 _aMeilij, Gustavo Raúl
999 _c3528
_d3528